[Event "DEM U18w 2024"]
[Site "Willingen GER"]
[Date "2024.05.24"]
[Round "8"]
[White "Nguyen, Jenny Ha-Linh"]
[Black "Werner, Rosalie"]
[Result "1-0"]
[Termination "normal"]
[Board "4"]
[WhiteElo "1787"]
[BlackElo "1938"]
[WhiteClock "00:26:44"]
[BlackClock "00:27:41"]
[PlyCount "89"]
[WhiteFideId "16209729"]
[BlackFideId "16223748"]
[EventCountry "GER"]
[EventRounds "9"]
[EventType "swiss"]
[EventDate "2024.05.18"]

1. e4 {[%clk 01:30:58]} {[%emt 00:00:02]} c5 {[%clk 01:30:55]} {[%emt
00:00:05]} 2. c3 {[%clk 01:31:23]} {[%emt 00:00:06]} Nf6 {[%clk 01:31:20]}
{[%emt 00:00:05]} 3. e5 {[%clk 01:31:44]} {[%emt 00:00:09]} Nd5 {[%clk
01:31:44]} {[%emt 00:00:06]} 4. d4 {[%clk 01:31:54]} {[%emt 00:00:20]} cxd4
{[%clk 01:32:02]} {[%emt 00:00:12]} 5. Nf3 {[%clk 01:32:04]} {[%emt 00:00:19]}
d6 {[%clk 01:32:23]} {[%emt 00:00:11]} 6. cxd4 {[%clk 01:30:06]} {[%emt
00:02:28]} Nc6 {[%clk 01:30:45]} {[%emt 00:02:07]} 7. Bc4 {[%clk 01:26:49]}
{[%emt 00:03:47]} e6 {[%clk 01:04:39]} {[%emt 00:26:35]} 8. Qe2 {[%clk
01:23:03]} {[%emt 00:04:16]} Nb6 {[%clk 01:01:42]} {[%emt 00:03:27]} 9. Bb3
{[%clk 01:18:58]} {[%emt 00:04:36]} Be7 {[%clk 00:56:46]} {[%emt 00:05:25]} 10.
O-O {[%clk 01:18:06]} {[%emt 00:01:23]} O-O {[%clk 00:49:28]} {[%emt 00:07:48]}
11. Nc3 {[%clk 01:13:58]} {[%emt 00:04:38]} a6 {[%clk 00:43:43]} {[%emt
00:06:15]} 12. Rd1 {[%clk 01:08:02]} {[%emt 00:06:25]} Qc7 {[%clk 00:37:28]}
{[%emt 00:06:45]} 13. Qe4 {[%clk 01:00:56]} {[%emt 00:07:36]} d5 {[%clk
00:34:07]} {[%emt 00:03:52]} 14. Qg4 {[%clk 00:57:00]} {[%emt 00:04:26]} Kh8
{[%clk 00:34:05]} {[%emt 00:00:31]} 15. Ng5 {[%clk 00:50:02]} {[%emt 00:07:28]}
Bxg5 {[%clk 00:20:21]} {[%emt 00:14:14]} 16. Bxg5 {[%clk 00:50:17]} {[%emt
00:00:15]} f6 {[%clk 00:19:37]} {[%emt 00:01:14]} 17. exf6 {[%clk 00:38:16]}
{[%emt 00:12:31]} gxf6 {[%clk 00:19:48]} {[%emt 00:00:19]} 18. Bh6 {[%clk
00:37:12]} {[%emt 00:01:35]} Rg8 {[%clk 00:19:23]} {[%emt 00:00:55]} 19. Qh4
{[%clk 00:36:14]} {[%emt 00:01:27]} Qf7 {[%clk 00:18:20]} {[%emt 00:01:34]} 20.
Bc2 {[%clk 00:34:52]} {[%emt 00:01:52]} Ne7 {[%clk 00:17:33]} {[%emt 00:01:17]}
21. Ne2 {[%clk 00:30:56]} {[%emt 00:04:26]} Ng6 {[%clk 00:16:15]} {[%emt
00:01:48]} 22. Qh5 {[%clk 00:30:39]} {[%emt 00:00:46]} Qe8 {[%clk 00:13:32]}
{[%emt 00:03:13]} 23. Be3 {[%clk 00:25:43]} {[%emt 00:05:26]} Nd7 {[%clk
00:12:17]} {[%emt 00:01:45]} 24. h4 {[%clk 00:20:16]} {[%emt 00:05:57]} Ndf8
{[%clk 00:11:42]} {[%emt 00:01:05]} 25. Qh6 {[%clk 00:17:49]} {[%emt 00:02:57]}
Qf7 {[%clk 00:11:25]} {[%emt 00:00:47]} 26. h5 {[%clk 00:16:43]} {[%emt
00:01:36]} Nh4 {[%clk 00:11:07]} {[%emt 00:00:48]} 27. Ng3 {[%clk 00:16:15]}
{[%emt 00:00:58]} Qg7 {[%clk 00:05:10]} {[%emt 00:06:27]} 28. Qf4 {[%clk
00:14:30]} {[%emt 00:02:16]} Qg5 {[%clk 00:04:36]} {[%emt 00:01:04]} 29. Qc7
{[%clk 00:12:10]} {[%emt 00:02:50]} Qg7 {[%clk 00:04:24]} {[%emt 00:00:42]} 30.
Qf4 {[%clk 00:08:13]} {[%emt 00:04:26]} Qg5 {[%clk 00:04:41]} {[%emt 00:00:13]}
31. Qxg5 {[%clk 00:04:27]} {[%emt 00:04:17]} fxg5 {[%clk 00:04:55]} {[%emt
00:00:16]} 32. Rac1 {[%clk 00:02:52]} {[%emt 00:02:05]} Bd7 {[%clk 00:03:55]}
{[%emt 00:01:30]} 33. f4 {[%clk 00:02:13]} {[%emt 00:01:09]} gxf4 {[%clk
00:01:42]} {[%emt 00:02:43]} 34. Bxf4 {[%clk 00:02:36]} {[%emt 00:00:06]} Kg7
{[%clk 00:01:57]} {[%emt 00:00:14]} 35. Be5+ {[%clk 00:01:55]} {[%emt
00:01:13]} Kf7 {[%clk 00:02:07]} {[%emt 00:00:20]} 36. Rf1+ {[%clk 00:01:54]}
{[%emt 00:00:31]} Ke8 {[%clk 00:02:20]} {[%emt 00:00:17]} 37. Kh2 {[%clk
00:01:15]} {[%emt 00:01:09]} Bb5 {[%clk 00:02:25]} {[%emt 00:00:24]} 38. Rf4
{[%clk 00:01:31]} {[%emt 00:00:15]} Rc8 {[%clk 00:00:49]} {[%emt 00:02:06]} 39.
Rxh4 {[%clk 00:01:10]} {[%emt 00:00:51]} Kd8 {[%clk 00:00:41]} {[%emt
00:00:38]} 40. Bf4 {[%clk 00:00:43]} {[%emt 00:00:57]} Rc4 {[%clk 00:00:38]}
{[%emt 00:00:32]} 41. Bb3 {[%clk 00:29:44]} {[%emt 00:01:29]} Rxc1 {[%clk
00:29:42]} {[%emt 00:01:26]} 42. Bxc1 {[%clk 00:30:09]} {[%emt 00:00:05]} Nd7
{[%clk 00:28:43]} {[%emt 00:01:28]} 43. Bc2 {[%clk 00:27:24]} {[%emt 00:03:16]}
Nf6 {[%clk 00:28:06]} {[%emt 00:01:07]} 44. Rf4 {[%clk 00:27:11]} {[%emt
00:00:43]} Ke7 {[%clk 00:27:41]} {[%emt 00:00:55]} 45. Bd2 {[%clk 00:26:44]}
{[%emt 00:00:57]} 1-0

[Event "DEM U18w 2024"]
[Site "Willingen GER"]
[Date "2024.05.24"]
[Round "8"]
[White "Pohle, Saskia"]
[Black "Fischer, Darja"]
[Result "0-1"]
[Termination "normal"]
[Board "5"]
[WhiteElo "1901"]
[BlackElo "1843"]
[WhiteClock "00:04:10"]
[BlackClock "00:26:35"]
[PlyCount "134"]
[WhiteFideId "16201604"]
[BlackFideId "16240898"]
[EventCountry "GER"]
[EventRounds "9"]
[EventType "swiss"]
[EventDate "2024.05.18"]

1. e4 {[%clk 01:30:57]} {[%emt 00:00:03]} c5 {[%clk 01:30:58]} {[%emt
00:00:03]} 2. Nf3 {[%clk 01:31:03]} {[%emt 00:00:23]} Nc6 {[%clk 01:31:17]}
{[%emt 00:00:11]} 3. d4 {[%clk 01:30:49]} {[%emt 00:00:44]} cxd4 {[%clk
01:31:43]} {[%emt 00:00:04]} 4. Nxd4 {[%clk 01:30:43]} {[%emt 00:00:36]} e5
{[%clk 01:32:07]} {[%emt 00:00:06]} 5. Nb5 {[%clk 01:30:15]} {[%emt 00:00:58]}
a6 {[%clk 01:32:33]} {[%emt 00:00:05]} 6. Nd6+ {[%clk 01:30:08]} {[%emt
00:00:36]} Bxd6 {[%clk 01:32:58]} {[%emt 00:00:05]} 7. Qxd6 {[%clk 01:30:24]}
{[%emt 00:00:14]} Qe7 {[%clk 01:33:24]} {[%emt 00:00:04]} 8. Qd1 {[%clk
01:28:49]} {[%emt 00:02:05]} Nf6 {[%clk 01:33:20]} {[%emt 00:00:34]} 9. Nc3
{[%clk 01:28:03]} {[%emt 00:01:15]} d6 {[%clk 01:33:09]} {[%emt 00:00:42]} 10.
Bg5 {[%clk 01:23:13]} {[%emt 00:05:20]} Be6 {[%clk 01:33:10]} {[%emt 00:00:29]}
11. g3 {[%clk 01:17:17]} {[%emt 00:06:25]} O-O {[%clk 01:26:05]} {[%emt
00:07:37]} 12. Bg2 {[%clk 01:16:11]} {[%emt 00:01:35]} h6 {[%clk 01:19:38]}
{[%emt 00:06:57]} 13. Be3 {[%clk 01:03:46]} {[%emt 00:12:55]} b5 {[%clk
01:03:59]} {[%emt 00:16:09]} 14. a3 {[%clk 00:52:31]} {[%emt 00:11:45]} Na5
{[%clk 00:57:09]} {[%emt 00:07:20]} 15. O-O {[%clk 00:48:31]} {[%emt 00:04:30]}
Nc4 {[%clk 00:55:42]} {[%emt 00:01:57]} 16. Bc1 {[%clk 00:40:49]} {[%emt
00:08:12]} Rac8 {[%clk 00:51:11]} {[%emt 00:05:01]} 17. b3 {[%clk 00:39:30]}
{[%emt 00:01:49]} Nb6 {[%clk 00:42:32]} {[%emt 00:09:08]} 18. Bb2 {[%clk
00:39:25]} {[%emt 00:00:36]} Rfd8 {[%clk 00:39:22]} {[%emt 00:03:40]} 19. Qe2
{[%clk 00:29:49]} {[%emt 00:10:05]} Qa7 {[%clk 00:34:40]} {[%emt 00:05:12]} 20.
Kh1 {[%clk 00:25:51]} {[%emt 00:04:29]} Ne8 {[%clk 00:31:49]} {[%emt 00:03:20]}
21. Rad1 {[%clk 00:23:13]} {[%emt 00:03:08]} Nc7 {[%clk 00:28:55]} {[%emt
00:03:25]} 22. f4 {[%clk 00:18:45]} {[%emt 00:04:58]} f6 {[%clk 00:28:26]}
{[%emt 00:00:58]} 23. Rd2 {[%clk 00:15:17]} {[%emt 00:03:59]} Rd7 {[%clk
00:23:48]} {[%emt 00:05:08]} 24. Rfd1 {[%clk 00:14:30]} {[%emt 00:01:17]} Rcd8
{[%clk 00:24:04]} {[%emt 00:00:13]} 25. Nd5 {[%clk 00:12:11]} {[%emt 00:02:49]}
Ncxd5 {[%clk 00:19:56]} {[%emt 00:04:38]} 26. exd5 {[%clk 00:12:35]} {[%emt
00:00:06]} Bf7 {[%clk 00:20:14]} {[%emt 00:00:12]} 27. Qg4 {[%clk 00:11:43]}
{[%emt 00:01:23]} Kh8 {[%clk 00:17:28]} {[%emt 00:03:16]} 28. Be4 {[%clk
00:11:16]} {[%emt 00:00:57]} Bg8 {[%clk 00:15:47]} {[%emt 00:02:10]} 29. Qf5
{[%clk 00:07:29]} {[%emt 00:04:17]} Re7 {[%clk 00:14:43]} {[%emt 00:01:35]} 30.
Re2 {[%clk 00:06:40]} {[%emt 00:01:19]} Qd7 {[%clk 00:14:19]} {[%emt 00:00:53]}
31. Qg6 {[%clk 00:06:22]} {[%emt 00:00:48]} Qe8 {[%clk 00:14:31]} {[%emt
00:00:18]} 32. Qf5 {[%clk 00:06:38]} {[%emt 00:00:15]} Qd7 {[%clk 00:13:54]}
{[%emt 00:01:07]} 33. Qg6 {[%clk 00:07:03]} {[%emt 00:00:05]} Qe8 {[%clk
00:13:00]} {[%emt 00:01:23]} 34. Qg4 {[%clk 00:07:10]} {[%emt 00:00:23]} Qd7
{[%clk 00:10:39]} {[%emt 00:02:51]} 35. Bf5 {[%clk 00:04:55]} {[%emt 00:02:46]}
Qc7 {[%clk 00:10:35]} {[%emt 00:00:34]} 36. Qg6 {[%clk 00:04:04]} {[%emt
00:01:20]} Nxd5 {[%clk 00:09:16]} {[%emt 00:01:49]} 37. Rxd5 {[%clk 00:03:31]}
{[%emt 00:01:03]} Bxd5+ {[%clk 00:09:30]} {[%emt 00:00:16]} 38. Kg1 {[%clk
00:03:34]} {[%emt 00:00:27]} Bg8 {[%clk 00:09:30]} {[%emt 00:00:30]} 39. Rd2
{[%clk 00:01:06]} {[%emt 00:02:58]} Qb6+ {[%clk 00:08:48]} {[%emt 00:01:13]}
40. Kg2 {[%clk 00:01:08]} {[%emt 00:00:27]} Qc6+ {[%clk 00:08:47]} {[%emt
00:00:31]} 41. Kg1 {[%clk 00:21:44]} {[%emt 00:09:54]} Qe8 {[%clk 00:37:36]}
{[%emt 00:01:41]} 42. Qg4 {[%clk 00:21:20]} {[%emt 00:00:54]} Be6 {[%clk
00:36:51]} {[%emt 00:01:16]} 43. Bxe6 {[%clk 00:19:34]} {[%emt 00:02:16]} Rxe6
{[%clk 00:37:17]} {[%emt 00:00:04]} 44. f5 {[%clk 00:19:38]} {[%emt 00:00:25]}
Re7 {[%clk 00:37:35]} {[%emt 00:00:12]} 45. Qe4 {[%clk 00:18:25]} {[%emt
00:01:43]} Rc7 {[%clk 00:36:45]} {[%emt 00:01:20]} 46. c3 {[%clk 00:13:39]}
{[%emt 00:05:17]} Qc6 {[%clk 00:35:18]} {[%emt 00:01:57]} 47. Qe2 {[%clk
00:13:08]} {[%emt 00:01:00]} a5 {[%clk 00:34:41]} {[%emt 00:01:07]} 48. Qd3
{[%clk 00:10:48]} {[%emt 00:02:50]} a4 {[%clk 00:34:05]} {[%emt 00:01:06]} 49.
b4 {[%clk 00:11:11]} {[%emt 00:00:08]} d5 {[%clk 00:33:27]} {[%emt 00:01:07]}
50. Qe3 {[%clk 00:10:08]} {[%emt 00:01:33]} Qd7 {[%clk 00:32:20]} {[%emt
00:01:38]} 51. Qf3 {[%clk 00:10:00]} {[%emt 00:00:37]} Rc4 {[%clk 00:32:13]}
{[%emt 00:00:37]} 52. Qf2 {[%clk 00:08:01]} {[%emt 00:02:29]} Re4 {[%clk
00:31:10]} {[%emt 00:01:33]} 53. Qf3 {[%clk 00:07:19]} {[%emt 00:01:12]} Qa7+
{[%clk 00:31:02]} {[%emt 00:00:39]} 54. Kg2 {[%clk 00:07:13]} {[%emt 00:00:36]}
Qe3 {[%clk 00:30:49]} {[%emt 00:00:43]} 55. Qxe3 {[%clk 00:07:19]} {[%emt
00:00:24]} Rxe3 {[%clk 00:31:15]} {[%emt 00:00:04]} 56. Kf2 {[%clk 00:07:43]}
{[%emt 00:00:05]} Re4 {[%clk 00:31:37]} {[%emt 00:00:08]} 57. Rd1 {[%clk
00:04:12]} {[%emt 00:04:00]} g6 {[%clk 00:31:08]} {[%emt 00:01:00]} 58. fxg6
{[%clk 00:03:51]} {[%emt 00:00:52]} Kg7 {[%clk 00:28:08]} {[%emt 00:03:29]} 59.
Kf3 {[%clk 00:03:48]} {[%emt 00:00:33]} Rc4 {[%clk 00:28:00]} {[%emt 00:00:39]}
60. Rd2 {[%clk 00:04:07]} {[%emt 00:00:11]} Kxg6 {[%clk 00:28:05]} {[%emt
00:00:24]} 61. Kf2 {[%clk 00:03:54]} {[%emt 00:00:42]} Kf5 {[%clk 00:27:39]}
{[%emt 00:00:58]} 62. Kf3 {[%clk 00:03:57]} {[%emt 00:00:26]} h5 {[%clk
00:26:44]} {[%emt 00:01:25]} 63. Rd1 {[%clk 00:04:17]} {[%emt 00:00:10]} Ke6
{[%clk 00:26:45]} {[%emt 00:00:29]} 64. Ke3 {[%clk 00:04:14]} {[%emt 00:00:33]}
Rg8 {[%clk 00:26:33]} {[%emt 00:00:43]} 65. Kf3 {[%clk 00:04:29]} {[%emt
00:00:14]} h4 {[%clk 00:26:34]} {[%emt 00:00:28]} 66. Rg1 {[%clk 00:04:20]}
{[%emt 00:00:40]} Rcg4 {[%clk 00:26:26]} {[%emt 00:00:38]} 67. Rg2 {[%clk
00:04:10]} {[%emt 00:00:40]} f5 {[%clk 00:26:35]} {[%emt 00:00:21]} 0-1

[Event "DEM U18w 2024"]
[Site "Willingen GER"]
[Date "2024.05.24"]
[Round "8"]
[White "Frowein, Jamie"]
[Black "von Beckh, Frieda"]
[Result "0-1"]
[Termination "normal"]
[Board "6"]
[WhiteElo "1719"]
[BlackElo "1764"]
[WhiteClock "00:02:10"]
[BlackClock "00:09:07"]
[PlyCount "84"]
[WhiteFideId "16282949"]
[BlackFideId "16233751"]
[EventCountry "GER"]
[EventRounds "9"]
[EventType "swiss"]
[EventDate "2024.05.18"]

1. c4 {[%clk 01:30:58]} {[%emt 00:00:01]} e6 {[%clk 01:30:54]} {[%emt
00:00:07]} 2. Nf3 {[%clk 01:31:20]} {[%emt 00:00:08]} d5 {[%clk 01:31:17]}
{[%emt 00:00:07]} 3. e3 {[%clk 01:31:45]} {[%emt 00:00:04]} Nf6 {[%clk
01:31:43]} {[%emt 00:00:05]} 4. Nc3 {[%clk 01:32:07]} {[%emt 00:00:08]} b6
{[%clk 01:32:07]} {[%emt 00:00:06]} 5. d4 {[%clk 01:32:18]} {[%emt 00:00:19]}
Bb7 {[%clk 01:32:15]} {[%emt 00:00:22]} 6. cxd5 {[%clk 01:32:39]} {[%emt
00:00:08]} exd5 {[%clk 01:29:26]} {[%emt 00:03:19]} 7. Bd3 {[%clk 01:28:42]}
{[%emt 00:04:28]} Nbd7 {[%clk 01:28:29]} {[%emt 00:01:25]} 8. Qc2 {[%clk
01:27:49]} {[%emt 00:01:24]} a6 {[%clk 01:28:20]} {[%emt 00:00:39]} 9. O-O
{[%clk 01:26:22]} {[%emt 00:01:57]} Bd6 {[%clk 01:26:05]} {[%emt 00:02:45]} 10.
e4 {[%clk 01:21:52]} {[%emt 00:05:00]} dxe4 {[%clk 01:25:30]} {[%emt 00:01:05]}
11. Nxe4 {[%clk 01:20:51]} {[%emt 00:01:31]} Be7 {[%clk 01:19:15]} {[%emt
00:06:45]} 12. Re1 {[%clk 01:08:37]} {[%emt 00:12:44]} O-O {[%clk 01:18:52]}
{[%emt 00:00:54]} 13. Nxf6+ {[%clk 01:06:58]} {[%emt 00:02:09]} Nxf6 {[%clk
01:18:51]} {[%emt 00:00:30]} 14. Ng5 {[%clk 00:57:09]} {[%emt 00:10:19]} h6
{[%clk 01:16:46]} {[%emt 00:02:36]} 15. Ne4 {[%clk 00:51:11]} {[%emt 00:06:29]}
Qxd4 {[%clk 01:05:25]} {[%emt 00:11:50]} 16. Nxf6+ {[%clk 00:49:36]} {[%emt
00:02:05]} Bxf6 {[%clk 01:03:42]} {[%emt 00:02:12]} 17. Qxc7 {[%clk 00:44:10]}
{[%emt 00:05:58]} Bxg2 {[%clk 00:49:52]} {[%emt 00:14:19]} 18. Kxg2 {[%clk
00:38:21]} {[%emt 00:06:18]} Qxd3 {[%clk 00:49:51]} {[%emt 00:00:32]} 19. Qg3
{[%clk 00:36:39]} {[%emt 00:02:12]} Qc2 {[%clk 00:36:05]} {[%emt 00:14:16]} 20.
Bxh6 {[%clk 00:30:01]} {[%emt 00:07:08]} Bxb2 {[%clk 00:29:02]} {[%emt
00:07:33]} 21. Rab1 {[%clk 00:29:47]} {[%emt 00:00:44]} Rae8 {[%clk 00:28:20]}
{[%emt 00:01:12]} 22. Rec1 {[%clk 00:27:56]} {[%emt 00:02:22]} Qe4+ {[%clk
00:28:20]} {[%emt 00:00:29]} 23. Kg1 {[%clk 00:20:24]} {[%emt 00:08:02]} Be5
{[%clk 00:19:53]} {[%emt 00:08:56]} 24. Qg2 {[%clk 00:18:43]} {[%emt 00:02:12]}
Qxg2+ {[%clk 00:19:37]} {[%emt 00:00:46]} 25. Kxg2 {[%clk 00:19:07]} {[%emt
00:00:06]} gxh6 {[%clk 00:19:36]} {[%emt 00:00:31]} 26. Rxb6 {[%clk 00:19:06]}
{[%emt 00:00:31]} a5 {[%clk 00:17:42]} {[%emt 00:02:25]} 27. Rc4 {[%clk
00:17:07]} {[%emt 00:02:29]} f6 {[%clk 00:16:55]} {[%emt 00:01:17]} 28. Rg4+
{[%clk 00:16:24]} {[%emt 00:01:12]} Kh8 {[%clk 00:16:55]} {[%emt 00:00:30]} 29.
Rh4 {[%clk 00:13:02]} {[%emt 00:03:53]} Kh7 {[%clk 00:15:33]} {[%emt 00:01:51]}
30. Rb7+ {[%clk 00:12:35]} {[%emt 00:00:58]} Kg6 {[%clk 00:15:57]} {[%emt
00:00:06]} 31. Rg4+ {[%clk 00:12:14]} {[%emt 00:00:51]} Kf5 {[%clk 00:14:16]}
{[%emt 00:02:09]} 32. Kf3 {[%clk 00:10:17]} {[%emt 00:02:28]} Rc8 {[%clk
00:12:00]} {[%emt 00:02:46]} 33. Ra4 {[%clk 00:08:20]} {[%emt 00:02:27]} Rc5
{[%clk 00:11:21]} {[%emt 00:01:08]} 34. h4 {[%clk 00:07:53]} {[%emt 00:00:58]}
Rd8 {[%clk 00:10:23]} {[%emt 00:01:28]} 35. Rh7 {[%clk 00:06:22]} {[%emt
00:02:00]} Kg6 {[%clk 00:09:18]} {[%emt 00:01:35]} 36. Rb7 {[%clk 00:04:32]}
{[%emt 00:02:20]} Rd4 {[%clk 00:09:00]} {[%emt 00:00:49]} 37. Ra3 {[%clk
00:02:55]} {[%emt 00:02:07]} Rxh4 {[%clk 00:09:03]} {[%emt 00:00:27]} 38. Ke2
{[%clk 00:02:59]} {[%emt 00:00:26]} Rc2+ {[%clk 00:07:51]} {[%emt 00:01:42]}
39. Kd1 {[%clk 00:01:58]} {[%emt 00:01:31]} Rxf2 {[%clk 00:08:12]} {[%emt
00:00:09]} 40. Re3 {[%clk 00:01:28]} {[%emt 00:01:00]} Rh1+ {[%clk 00:08:15]}
{[%emt 00:00:27]} 41. Re1 {[%clk 00:01:46]} {[%emt 00:00:13]} Rxe1+ {[%clk
00:08:41]} {[%emt 00:00:03]} 42. Kxe1 {[%clk 00:02:10]} {[%emt 00:00:06]} Rxa2
{[%clk 00:09:07]} {[%emt 00:00:04]} 0-1

[Event "DEM U18w 2024"]
[Site "Willingen GER"]
[Date "2024.05.24"]
[Round "8"]
[White "Racky, Selina"]
[Black "Luzgina, Anastasiia"]
[Result "1-0"]
[Termination "normal"]
[Board "7"]
[WhiteElo "1711"]
[BlackElo "1665"]
[WhiteClock "00:25:35"]
[BlackClock "01:11:10"]
[PlyCount "70"]
[WhiteFideId "16239440"]
[BlackFideId "24280860"]
[EventCountry "GER"]
[EventRounds "9"]
[EventType "swiss"]
[EventDate "2024.05.18"]

1. e4 {[%clk 01:30:55]} {[%emt 00:00:06]} c5 {[%clk 01:30:51]} {[%emt
00:00:08]} 2. Nf3 {[%clk 01:31:10]} {[%emt 00:00:15]} Nc6 {[%clk 01:31:14]}
{[%emt 00:00:07]} 3. d3 {[%clk 01:31:34]} {[%emt 00:00:07]} Nf6 {[%clk
01:31:30]} {[%emt 00:00:13]} 4. Nbd2 {[%clk 01:31:56]} {[%emt 00:00:08]} d5
{[%clk 01:31:23]} {[%emt 00:00:37]} 5. g3 {[%clk 01:31:01]} {[%emt 00:01:25]}
e6 {[%clk 01:30:59]} {[%emt 00:00:54]} 6. Bg2 {[%clk 01:31:19]} {[%emt
00:00:11]} g6 {[%clk 01:31:16]} {[%emt 00:00:13]} 7. O-O {[%clk 01:31:05]}
{[%emt 00:00:45]} Bg7 {[%clk 01:31:40]} {[%emt 00:00:07]} 8. c3 {[%clk
01:31:17]} {[%emt 00:00:18]} O-O {[%clk 01:31:49]} {[%emt 00:00:20]} 9. Re1
{[%clk 01:30:48]} {[%emt 00:00:59]} b6 {[%clk 01:30:57]} {[%emt 00:01:23]} 10.
Qe2 {[%clk 01:23:53]} {[%emt 00:07:24]} Bb7 {[%clk 01:30:44]} {[%emt 00:00:43]}
11. e5 {[%clk 01:20:00]} {[%emt 00:04:23]} Nd7 {[%clk 01:30:12]} {[%emt
00:01:02]} 12. d4 {[%clk 01:19:02]} {[%emt 00:01:29]} Rc8 {[%clk 01:30:30]}
{[%emt 00:00:12]} 13. Nf1 {[%clk 01:19:08]} {[%emt 00:00:24]} cxd4 {[%clk
01:28:58]} {[%emt 00:02:02]} 14. cxd4 {[%clk 01:16:12]} {[%emt 00:03:26]} Nb4
{[%clk 01:28:54]} {[%emt 00:00:34]} 15. Bg5 {[%clk 01:13:18]} {[%emt 00:03:24]}
Qe8 {[%clk 01:28:56]} {[%emt 00:00:26]} 16. Rec1 {[%clk 01:10:51]} {[%emt
00:02:58]} Ba6 {[%clk 01:26:32]} {[%emt 00:02:54]} 17. Qd2 {[%clk 01:10:21]}
{[%emt 00:01:00]} Nd3 {[%clk 01:25:37]} {[%emt 00:01:26]} 18. Rxc8 {[%clk
01:05:07]} {[%emt 00:05:44]} Qxc8 {[%clk 01:25:59]} {[%emt 00:00:09]} 19. Ne3
{[%clk 00:56:08]} {[%emt 00:09:28]} Qc6 {[%clk 01:25:20]} {[%emt 00:01:08]} 20.
Bf1 {[%clk 00:54:19]} {[%emt 00:02:19]} N3xe5 {[%clk 01:19:17]} {[%emt
00:06:33]} 21. Nxe5 {[%clk 00:50:49]} {[%emt 00:04:01]} Nxe5 {[%clk 01:19:27]}
{[%emt 00:00:20]} 22. dxe5 {[%clk 00:50:54]} {[%emt 00:00:25]} Bxf1 {[%clk
01:19:48]} {[%emt 00:00:09]} 23. Nxf1 {[%clk 00:51:07]} {[%emt 00:00:17]} Bxe5
{[%clk 01:20:08]} {[%emt 00:00:10]} 24. Rc1 {[%clk 00:47:48]} {[%emt 00:03:49]}
Qa4 {[%clk 01:19:02]} {[%emt 00:01:35]} 25. b3 {[%clk 00:45:44]} {[%emt
00:02:35]} Qb5 {[%clk 01:18:22]} {[%emt 00:01:09]} 26. h4 {[%clk 00:42:52]}
{[%emt 00:03:22]} f6 {[%clk 01:18:09]} {[%emt 00:00:43]} 27. Bf4 {[%clk
00:41:42]} {[%emt 00:01:41]} Bxf4 {[%clk 01:18:04]} {[%emt 00:00:35]} 28. Qxf4
{[%clk 00:42:00]} {[%emt 00:00:11]} e5 {[%clk 01:18:23]} {[%emt 00:00:13]} 29.
Qh6 {[%clk 00:41:31]} {[%emt 00:00:58]} Qd7 {[%clk 01:17:59]} {[%emt 00:00:54]}
30. Ne3 {[%clk 00:41:07]} {[%emt 00:00:54]} f5 {[%clk 01:16:53]} {[%emt
00:01:35]} 31. Nxd5 {[%clk 00:30:24]} {[%emt 00:11:14]} Qd6 {[%clk 01:10:17]}
{[%emt 00:07:05]} 32. Rc7 {[%clk 00:26:24]} {[%emt 00:04:30]} Rf7 {[%clk
01:10:34]} {[%emt 00:00:14]} 33. Rxf7 {[%clk 00:25:18]} {[%emt 00:01:35]} Kxf7
{[%clk 01:10:55]} {[%emt 00:00:09]} 34. Qxh7+ {[%clk 00:25:38]} {[%emt
00:00:10]} Ke6 {[%clk 01:11:10]} {[%emt 00:00:15]} 35. Nc7+ {[%clk 00:25:35]}
{[%emt 00:00:33]} 1-0